000 00300nam a2200121 a 4500
005 20141022141959.0
008 120229s19uu xx 00 eng d
050 _aCD-ROM
_bW58 2009
100 _aWhite, Tony
245 _aHow to make animated films /
_cTony White.
260 _c2009.
942 _cAVM
999 _c276163
_d276163